Catálogo
 En Linea

Visión histórica del futuro / (Registro nro. 29906)

Detalles MARC
000 -CABECERA
campo de control de longitud fija 00605nam a2200169 a 4500
001 - NÚMERO DE CONTROL
campo de control 000030414
005 - FECHA Y HORA DE LA ÚLTIMA TRANSACCIÓN
campo de control 20200930062311.0
008 - DATOS DE LONGITUD FIJA--INFORMACIÓN GENERAL
campo de control de longitud fija 110517s1971 sp 000 0 spa d
040 ## - FUENTE DE LA CATALOGACIÓN
Centro catalogador/agencia de origen DO-SdBNP
Lengua de catalogación spa
Centro/agencia transcriptor BNPHU
100 1# - ENTRADA PRINCIPAL--NOMBRE DE PERSONA
Nombre de persona Armytage, W. H. G.
9 (RLIN) 4623
240 10 - TÍTULO UNIFORME
Título uniforme Yesterday´s tomorrows. A historical survey of future societies
Lenguaje de la obra Español
245 10 - MENCIÓN DE TÍTULO
Título Visión histórica del futuro /
Mención de responsabilidad, etc. W. H. G. Armytage ; traductor C. Ulisses Moulines.
260 ## - PUBLICACIÓN, DISTRIBUCIÓN, ETC.
Lugar de publicación, distribución, etc. Barcelona :
Nombre del editor, distribuidor, etc. Península ,
Fecha de publicación, distribución, etc. 1971.
300 ## - DESCRIPCIÓN FÍSICA
Extensión 316 p. : ;
Dimensiones 20 cm.
500 ## - NOTA GENERAL
Nota general Traducido del idioma inglés
700 1# - PUNTO DE ACCESO ADICIONAL--NOMBRE DE PERSONA
Nombre de persona Moulines, C. Ulisses
Término indicativo de función/relación tr.
9 (RLIN) 57044
Existencias
Estado de retiro Estado de pérdida Restricciones de uso No para préstamo Código de colección Localización permanente Ubicación/localización actual Ubicación en estantería Fecha de adquisición Número de inventario Total de préstamos Signatura topográfica completa Código de barras Fecha visto por última vez Precio válido a partir de Tipo de ítem Koha Número de copia
        Monografías: Libros y Folletos General General Orden iniciada 25.02.2013 LF1   30414-20 25.06.2020 25.06.2020 No se presta  
        Monografías: Libros y Folletos General General En catalogación 17.05.2011 LF1   30415-30 25.06.2020 25.06.2020 Préstamo en sala e. 3
      Excluido de préstamo Monografías: Libros y Folletos Patrimonio Dominicano Patrimonio Dominicano Depósito 17.05.2011 LF1   30415-10 25.06.2020 25.06.2020 No se presta  
      Excluido de préstamo Monografías: Libros y Folletos Patrimonio Dominicano Patrimonio Dominicano En catalogación 17.05.2011 LF1   30415-20 25.06.2020 25.06.2020 No se presta e. 2

Con tecnología Koha